Normal view
MARC view
Entry Personal Name
001 - CONTROL NUMBER
- control field: 18020
003 - CONTROL NUMBER IDENTIFIER
- control field: BD-RjUL
005 - DATE AND TIME OF LATEST TRANSACTION
- control field: 20260406102213.0
008 - FIXED-LENGTH DATA ELEMENTS
- fixed length control field: 260406|| aca||aabn | a|a d
040 ## - CATALOGING SOURCE
- Original cataloging agency: BD-RjUL
- Transcribing agency: BD-RjUL
100 ## - HEADING--PERSONAL NAME
- Personal name: Hendon, John R.
670 ## - SOURCE DATA FOUND
- Source citation: Work cat.: (BD-RjUL)86319: Lussier, Robert N., author. 18019, Human resource management :